| 000 | 00426nam a22001457a 4500 | ||
|---|---|---|---|
| 020 | _a9788176222778 | ||
| 082 |
_a630.14. _bSIN/AG |
||
| 245 | _aAgricultural Communication : Oppertunities for Sustainable Agriculture and Rural Development | ||
| 260 |
_aNew Delhi _bBiotech Books _c2013 |
||
| 300 | _a330 | ||
| 700 |
_aSingh,Vir _91062 |
||
| 700 |
_aShivendra Kumar Kashyap _91063 |
||
| 700 |
_aGaurav Papnai _91064 |
||
| 942 | _cBK | ||
| 999 |
_c14609 _d14609 |
||